| 000 | 02271nam a22003377a 4500 | ||
|---|---|---|---|
| 005 | 20100803161516.0 | ||
| 010 | _aENG-97998 B-423871-878 | ||
| 020 |
_a9789380032672 _c250.00 |
||
| 035 | _aEN-81531 | ||
| 035 | _aB-423871-878 | ||
| 037 | _bDBAD/PUB | ||
| 037 | _bResearchco Book Centre | ||
| 082 | _aN | ||
| 100 |
_aTripathi, amrita _931698 |
||
| 245 |
_aBroken news / _cby Amrita tripathi |
||
| 260 |
_aChennai _bTranquebar _c2010 |
||
| 270 |
_aVenkat Towers, 165, P.H. Road _bChennai _e600095 |
||
| 300 |
_aviii, 236p. _c20cm (pbk) |
||
| 650 |
_aNovel _9904 |
||
| 942 |
_2ddc _cEN _hN _mTRI |
||
| 999 |
_c39077 _d39077 |
||